Normal view
MARC view
- Grupos multigrado
Entry Materia
001 - NÚMERO DE CONTROL DEL REGISTRO
- campo de control: 44129
003 - IDENTIFICADOR DE NUMERO DE CONTROL
- campo de control: UPN
005 - FECHA Y HORA DE LA ÚLTIMA TRANSACCIÓN
- campo de control: 20220328175349.0
008 - DATOS DE LONGITUD FIJA
- campo de control de longitud fija: 220328d| anz||babd | a|a d
040 ## - FUENTE DE LA CATALOGACIÓN
- Centro catalogador de origen: MX-MxPN
046 ## - FECHAS CON CODIFICACIÓN ESPECIAL
- Fecha final para contenidos agregados: 2022
150 ## - ENCABEZAMIENTO - TEMÁTICO
- Término de materia o nombre geográfico como elemento inicial: Grupos multigrado
- Subdivisión geográfica: México
670 ## - FUENTE EN LA QUE SE LOCALIZARON DATOS
- Cita de la fuente: autoridades BGTQ, 2022 :
- Información localizada: (Encabezamiento: GRUPOS MULTIGRADO)
